000
00340 a2200157 4500
001
48473
020
_a
9788575039311
040
_c
Anchieta - Bela Vista
100
_a
Kohara, Kazuno
240
1
0
_a
A casa assombrada
_l
por
245
1
0
_a
A casa assombrada
300
_a
32
362
0
_a
2010
650
4
_a
Literatura infantil
942
_c
BK
999
_c
48473
_d
48473